Statistics for Countries that Visit Alaska the Most

Click here to take the quiz!

General Stats

  • This quiz has been taken 457 times
  • The average score is 9 of 12

Answer Stats

VisitorsCountry% Correct
278,000Canada
99%
9,027United Kingdom
96%
5,079China
94%
2,391France
94%
7,072Japan
94%
9,155Germany
90%
2,444Mexico (by air only)
89%
2,344South Korea
79%
9,504Australia
77%
2,007Netherlands
52%
3,126Taiwan
48%
3,751Switzerland
32%

Score Distribution

Percentile by Number Answered

Percent of People with Each Score

Your Score History

You have not taken this quiz